000 01044nam a22003137a 4500
003 CHAP
005 20220329143719.0
008 110330s1977 es a r 00010 spa d
010 _a100784
011 _a101756
020 _a8429170219
035 _a112444
040 _cCHAP
082 0 4 _a546.8
_bAg13
100 1 _aAgafoshin, N. P.
_91052
245 1 0 _aLey periódica y sistema periódico de los elementos de D. I. Mendeleiev :
_bmanual para estudiantes
_c/por N. P. Agafoshin
260 _aBarcelona :
_bReverté,
_c1977
300 _a192 p. :
_bilus., gráfs., tablas
590 _aBATCH-UPD
_b10
_c20130110
_lUCH01
_h1545
590 _aBATCH-UPD
_b10
_c20130410
_lUCH01
_h0945
590 _aBATCH-UPD
_b10
_c20130914
_lUCH01
_h1256
590 _aCONVERSION
_b10
_c20130109
_lUCH01
_h1356
650 1 4 _aElementos químicos.
_936261
650 1 4 _aEstructura atómica.
_938482
650 1 4 _aQuímica
_xTablas.
_993573
901 _aBK
942 _cLIBRO
949 _a546.8 Ag13
_bBC
_cLIBRO
_d33724002236876
_eLIBRO
_h114496
_i112444
_sb
_t$180.00
999 _c100784
_d100784